000 01108cam a22003257a 4500
003 CHAP
005 20220329142435.0
008 010212d1983 it r 00110 esp d
010 _a83481
011 _a84453
035 _a94973
040 _cCHAP
090 _aFolleto 16146
110 2 _aFAO. Centro de Coordinación CARIS.
_939471
245 1 0 _aGuía para la entrada de los datos :
_bFAO/CARIS 2 (Rev. 2) - Es
_c/por Centro de Coordinación CARIS.
260 _aRoma, Italia :
_bCentro de Coordinación CARIS,
_c1983.
300 _aca. 90 p.
590 _aBATCH-UPD
_b10
_c20130110
_lUCH01
_h0643
590 _aBATCH-UPD
_b10
_c20130410
_lUCH01
_h0327
590 _aBATCH-UPD
_b10
_c20130913
_lUCH01
_h2022
590 _aBATCH-UPD
_b10
_c20140805
_lUCH01
_h1148
590 _aCONVERSION
_b10
_c20130109
_lUCH01
_h1346
650 1 4 _aAgricultura
_xBibliografía
_xBases de datos.
_91324
650 1 4 _aAgricultura
_xInvestigación.
_91577
650 1 4 _aProcesamiento automático de datos.
_991738
901 _aBK
905 _aEdna Luz
942 _cFOLL
949 _aFolleto 16146
_bBC
_cB
_d949731
_eB
_i94973
_sb
999 _c83481
_d83481